ভারতবর্ষের অর্থনৈতিক ইতিহাস/ (Record no. 111111)

MARC details
000 -LEADER
fixed length control field 00740nam a22001697a 4500
003 - CONTROL NUMBER IDENTIFIER
control field BD-ChCU
005 - DATE AND TIME OF LATEST TRANSACTION
control field 20260118121054.0
008 - FIXED-LENGTH DATA ELEMENTS--GENERAL INFORMATION
fixed length control field 260118b bg ||||| |||| 00| 0 ben d
040 ## - CATALOGING SOURCE
Transcribing agency BD-ChCU
082 ## - DEWEY DECIMAL CLASSIFICATION NUMBER
Edition number 22
Classification number ৩৩০.৯৫৪ দত্ত২৭ভা
100 ## - MAIN ENTRY--PERSONAL NAME
Personal name দত্ত, শ্রীরমেশচন্দ্র।
9 (RLIN) 19358
245 ## - TITLE STATEMENT
Title ভারতবর্ষের অর্থনৈতিক ইতিহাস/
Statement of responsibility, etc. শ্রীরমেশচন্দ্র দত্ত।
260 ## - PUBLICATION, DISTRIBUTION, ETC.
Place of publication, distribution, etc. কলিকাতাঃ
Name of publisher, distributor, etc. বিশ্বভারতী গ্রন্থালয়,
Date of publication, distribution, etc. ১৯..
300 ## - PHYSICAL DESCRIPTION
Extent ৭১ পৃ.
650 #0 - SUBJECT ADDED ENTRY--TOPICAL TERM
Topical term or geographic name entry element ভারত- অথনৈতিক অবস্থা।
9 (RLIN) 19361
942 ## - ADDED ENTRY ELEMENTS (KOHA)
Source of classification or shelving scheme Dewey Decimal Classification
Koha item type Books
Suppress in OPAC No
Holdings
Withdrawn status Lost status Source of classification or shelving scheme Damaged status Not for loan Home library Current library Shelving location Date acquired Source of acquisition Total Checkouts Full call number Barcode Date last seen Price effective from Koha item type Public note
    Dewey Decimal Classification     Chittagong University Library Chittagong University Library Business and Social Science Reading Room 18/01/2026 gift   ৩৩০.৯৫৪ দত্ত২৭ভা 229205 18/01/2026 18/01/2026 Books প্রফেস্রর ড. মো. দিলওয়ার হোসেন প্রদত্ত।
© Copyright 2026. Chittagong University Library, Installation and Maintenance by Prof. Dr. Md. Alamgir, 01711306253